Tratados sobre los ciclos económicos / (Registro nro. 12292)

Detalles MARC
000 -LEADER
fixed length control field 01044nam a2200265Ia 4500
003 - CONTROL NUMBER IDENTIFIER
control field OSt
005 - DATE AND TIME OF LATEST TRANSACTION
control field 20210825094031.0
008 - FIXED-LENGTH DATA ELEMENTS--GENERAL INFORMATION
fixed length control field 210310s1967 mx ad gr 000 0 spa d
040 ## - CATALOGING SOURCE
Original cataloging agency CO-JMCR
Transcribing agency CO-JMCR
041 1# - LANGUAGE CODE
Language code of text/sound track or separate title spa
Language code of original eng
082 04 - DEWEY DECIMAL CLASSIFICATION NUMBER
Classification number 338.54 /
Item number E799t
Edition number 23
100 1# - MAIN ENTRY--PERSONAL NAME
Personal name Estey, James Arthur,
Relator term autor
9 (RLIN) 27826
245 10 - TITLE STATEMENT
Title Tratados sobre los ciclos económicos /
Statement of responsibility, etc. James Arthur Estey ; traducción al español, Enrique Padilla Aragón
250 ## - EDITION STATEMENT
Edition statement Sexta edición
260 ## - PUBLICATION, DISTRIBUTION, ETC.
Place of publication, distribution, etc. México :
Name of publisher, distributor, etc. Fondo de Cultura Económica,
Date of publication, distribution, etc. 1967.
300 ## - PHYSICAL DESCRIPTION
Extent 564 páginas :
Other physical details ilustraciones y gráficas en blanco y negro ;
Dimensions 22 cm.
490 0# - SERIES STATEMENT
Series statement Sección de obras de economía :
-- Ciclos económicos
500 ## - GENERAL NOTE
General note Incluye índices y notas a pie de página.
505 0# - FORMATTED CONTENTS NOTE
Formatted contents note Descripción. -- Teorías del ciclo. -- Estabilización.
650 14 - SUBJECT ADDED ENTRY--TOPICAL TERM
Topical term or geographic name entry element Fluctuaciones económicas
9 (RLIN) 39659
650 24 - SUBJECT ADDED ENTRY--TOPICAL TERM
Topical term or geographic name entry element Ciclo económico
9 (RLIN) 39660
650 24 - SUBJECT ADDED ENTRY--TOPICAL TERM
Topical term or geographic name entry element Descripción de los ciclos
9 (RLIN) 39661
700 1# - ADDED ENTRY--PERSONAL NAME
Personal name Padilla Aragón, Enrique,
Relator term traductor
9 (RLIN) 39662
942 ## - ADDED ENTRY ELEMENTS (KOHA)
Source of classification or shelving scheme Dewey Decimal Classification
Koha item type Books
Existencias
Withdrawn status Lost status Source of classification or shelving scheme Damaged status Not for loan Home library Current library Shelving location Date acquired Source of acquisition Full call number Barcode Date last seen Copy number Price effective from Koha item type
    Dewey Decimal Classification     Biblioteca Pública José María del Castillo y Rada Biblioteca Pública José María del Castillo y Rada General Stacks 04/15/2018 Donación 338.54 / E799t 430005723 05/16/2024 Ej.1 03/10/2021 Books